000 00772nam a2200241Ia 4500
003 OSt
005 20220923224333.0
006 a|||||r|||| 00| 0
007 ta
008 220922b |||||||| |||| 00| 0 pan d
024 _a231,386
037 _cTextual
040 _aARTS
_cARTS
_bpan
041 _2pan
_apan
082 _aO13,1:g, 153L0;M2
100 _aਆਹੂਜਾ, ਰੋFਨ ਲਾਲ
245 0 _aਲੰਜਾਈਨਸ
_b ਉੱਦਾਤ Fੈਲੀ ਬਾਰੇ
260 _aਲੁਧਿਆਣਾ
_b ਲਾਹੋੌੌਰ ਬੁਕ Fਾਪ
_c1982
300 _a94ਪੰ
_ccm.
650 _aਗ੍ਰੀਕ ਸਾਹਿਤ
942 _hO13,1:g, 153L0;M2
_cTEXL
_2CC
999 _c370770
_d370770